| 000 | 01346nam a22002177a 4500 | ||
|---|---|---|---|
| 942 | _cBK | ||
| 999 |
_c654 _d654 |
||
| 005 | 20250420134820.0 | ||
| 008 | 210523b ||||| |||| 00| 0 eng d | ||
| 020 | _a9780073195995 | ||
| 040 |
_aKCST _cKCST |
||
| 082 |
_a621.3815 _bFo De |
||
| 100 |
_aFord, Ralph _95213 |
||
| 245 |
_aDesign for electrical and computer engineers : _bTheory, Concepts, and Practice / _cRalph M. Ford, Chris S. Coulston. |
||
| 260 |
_aNew York : _bMcGraw-Hill, _c2005. |
||
| 300 |
_ax, 280 pages : _billustrations ; _c24 cm |
||
| 505 | _aThe engineering design process -- Project selection and needs identification -- The requirements specification -- Concept generation and evaluation -- Sysem design I: functional decomposition -- System design II: behavior models -- Testing -- System reliability -- Teams and teamwork -- Project management -- Ethical and legal issues -- Oral presentations. | ||
| 520 | _aWritten for students and teachers engaged in electrical and computer engineering design projects, this work guides students and faculty through the steps necessary for the successful execution of design projects. It aims to provide a treatment of the design process with an academic basis that is integrated with practical application. | ||
| 650 |
_aElectronic circuit design _994 |
||
| 700 |
_aCoulston, Chris s. _95214 |
||
| 942 | _2ddc | ||